An introduction to combinatorial analysis /

Guardado en:
Autor Principal: Riordan, John, 1903-
Formato: Libro
Idioma:English
Publicado: Princeton, N.J. : Princeton University Press, 1980, c1978.
Materias:
Etiquetas: Agregar Etiqueta
Sin Etiquetas, Sea el primero en etiquetar este registro!
LEADER 00785pam a2200229 a 4500
001 MAT.inmabb004283
008 800122r19801958njua#####b####001#0#eng##
005 20130304163058.0
245 1 3 |a An introduction to combinatorial analysis /  |c John Riordan. 
260 |a Princeton, N.J. :  |b Princeton University Press,  |c 1980, c1978. 
300 |a x, 244 p. :  |b il. ;  |c 25 cm. 
500 |a Publicado originalmente: New York : Wiley, 1958. 
504 |a Incluye referencias bibliográficas e índice. 
510 4 |a MR,  |c 81e:05002 
020 |a 0691082626 
020 |a 0691023654 (pbk.) 
100 1 |a Riordan, John,  |d 1903- 
650 0 |a Combinatorial analysis. 
084 |a 05-01 (60-02 60C05)  |2 msc2000 
010 |a  80000337  
040 |a DLC  |c DLC  |d DLC 
859 |h 05  |i R585i  |p A-5933  |b BIB. MATEMATICA